UEFA Under 21 European Cup Top 4 Positions - Statistics

General Stats
  • This quiz has been taken 179 times
  • The average score is 22 of 25
Answer Stats
Answer % Correct
Italy
98%
Spain
98%
England
97%
France
97%
Germany
97%
Portugal
96%
Sweden
95%
Belgium
94%
Netherlands
94%
Denmark
91%
Greece
91%
Norway
91%
Czech Republic
89%
Romania
87%
Serbia
86%
Scotland
85%
Switzerland
85%
Ukraine
84%
Yugoslavia
84%
Hungary
83%
Soviet Union
82%
Slovakia
81%
Bulgaria
80%
East Germany
49%
Belarus
45%
No matching quizzes found
Score Distribution
Percent of People with Each Score
Percentile by Number Answered
Your Score History
You have not taken this quiz